000 00412 a2200133 4500
001 90555
082 _aPR 959
090 _c42890
_d42890
100 _aZia khan; Basharat; Abdul Sattar Chandio, advisors
245 _aFeasibility Study of lycoming engine IO 360 AIB 6 mounting on PL-2 aircraft
_nG-27
260 _aKarachi
_bNED University
_c1988
300 _a224 p.
_bhand written
500 _aBE Project Reports
942 _aCAE NUST
_kPR 959
999 _c325628
_d325628